书目信息 |
| 题名: |
打造幸福职场的50条法则
|
|
| 作者: | 巴伯 , 温斯登 著 ;崔岩 , 于竞 译 | |
| 分册: | ||
| 出版信息: | 北京 中国社会科学出版社 2005.09 |
|
| 页数: | 226页 | |
| 开本: | 23cm | |
| 丛书名: | ||
| 单 册: | ||
| 中图分类: | B848.4 | |
| 科图分类: | ||
| 主题词: | 工作方法--gong zuo fang fa--通俗读物 , 成功心理学--cheng gong xin li xue--通俗读物 | |
| 电子资源: | ||
| ISBN: | 7-5004-5039-7 | |
| 000 | 01370nam0 2200289 450 | |
| 001 | 012007474038 | |
| 005 | 20071008160334.34 | |
| 010 | @a7-5004-5039-7@dCNY20.00 | |
| 100 | @a20070726d2005 km y0chiy0120 ea | |
| 101 | 1 | @achi@ceng |
| 102 | @aCN@b110000 | |
| 105 | @ay z 000yy | |
| 200 | 1 | @a打造幸福职场的50条法则@Ada zao xing fu zhi chang de 50 tiao fa ze@e解脱“职场疲劳症”的快乐心得@f(美) 马特·温斯登, 卢克·巴伯著@F(mei)ma te·wen si deng,lu ke·ba bo zhu@d= Work like your dog@efifty ways to work less, play more, and earn more@fMatt Weinstein, Luke Barber@g崔岩, 于竞译@Gcui yan,yu jing yi@zeng |
| 210 | @a北京@c中国社会科学出版社@d2005.09 | |
| 215 | @a226页@d23cm | |
| 330 | @a本书分为三部分,即玩转工作、化困境为机遇、学会与生活一起“玩”和“笑”。通过50节生动有趣的课程介绍了如何从工作中获得更多的乐趣。 | |
| 500 | 10 | @aWork like your dog : fifty ways to work less, play more, and earn more@mChinese |
| 517 | 1 | @a解脱“职场疲劳症”的快乐心得@Ajie tuo"zhi chang pi lao zheng"de kuai le xin de |
| 606 | 0 | @a工作方法@Agong zuo fang fa@j通俗读物 |
| 606 | 0 | @a成功心理学@Acheng gong xin li xue@j通俗读物 |
| 690 | @aB848.4@v4 | |
| 701 | 1 | @a巴伯@Aba bo@g(Barber, Luke)@4著 |
| 701 | 1 | @a温斯登@Awen si deng@g(Weinstein, Matt)@4著 |
| 702 | 0 | @a崔岩@Acui yan@4译 |
| 702 | 0 | @a于竞@Ayu jing@4译 |
| 801 | 0 | @aCN@c20071008 |
| 905 | @dB848.4@eW622 | |
| 打造幸福职场的50条法则:解脱“职场疲劳症”的快乐心得/(美) 马特·温斯登, 卢克·巴伯著= Work like your dog:fifty ways to work less, play more, and earn more/Matt Weinstein, Luke Barber/崔岩, 于竞译.-北京:中国社会科学出版社,2005.09 |
| 226页;23cm |
| ISBN 7-5004-5039-7:CNY20.00 |
| 本书分为三部分,即玩转工作、化困境为机遇、学会与生活一起“玩”和“笑”。通过50节生动有趣的课程介绍了如何从工作中获得更多的乐趣。 |
| ● |
| 相关链接 |
|
|
|
正题名:打造幸福职场的50条法则
索取号:B848.4/W622
 
预约/预借
| 序号 | 登录号 | 条形码 | 馆藏地/架位号 | 状态 | 备注 |
| 1 | 250263 | 202502639 | 社科库509/509社科库 51排2列1层/ [索取号:B848.4/W622] | 在馆 | |
| 2 | 250264 | 202502648 | 社科库509/509社科库 51排2列1层/ [索取号:B848.4/W622] | 在馆 |